51 Types of Transportation - Statistics

General Stats
  • This quiz has been taken 259 times
  • The average score is 11 of 51
Answer Stats
Answer % Correct
Car
98%
Airplane/Aeroplane
89%
Train
89%
Bicycle/Bike
82%
Boat
78%
Helicopter
61%
Tram
49%
Truck
48%
Skateboard
39%
Ferry
35%
Canoe
29%
Yacht
28%
Submarine
27%
Camel
22%
Coach
22%
Sailboat
20%
Cruise Ship
19%
Lorry
19%
Moped
18%
Unicycle
18%
Monorail
16%
Cable Car
15%
Donkey
15%
Hovercraft
13%
Gondola
12%
Parachute
12%
Segway
11%
Tuk-Tuk
11%
Zipline
10%
Snowmobile
9%
Dog Sled
8%
Maglev
8%
Golf Buggy/ Golf Cart
7%
Dinghy
6%
Dune buggy
5%
Funicular
4%
Jeepney
4%
Yak
4%
Airboat
3%
Coco Taxi
3%
Mobile Home
3%
Cyclo
2%
Felucca
2%
Horse Drawn Tram
2%
Mokoro
2%
Narrowboat
2%
Reindeer Sled
2%
Rig
2%
Suspension Railway
2%
Tanga
2%
Underground Funicular
2%
No matching quizzes found
Score Distribution
Percent of People with Each Score
Percentile by Number Answered
Your Score History
You have not taken this quiz